[Event "Quenza Rapid op 13th"]
[Site "Quenza"]
[Date "2024.07.07"]
[Round "8"]
[White "Krivenko, Dion"]
[Black "Ciobanu, Camelia Adriana"]
[Result "1-0"]
[WhiteElo "2290"]
[BlackElo "2093"]
[PlyCount "125"]
[EventDate "2024.07.07"]
[EventType "swiss (rapid)"]
[EventRounds "9"]
[EventCountry "FRA"]
[SourceTitle "CBM 221 Extra"]
[Source "ChessBase"]
[SourceDate "2024.09.30"]
[SourceVersion "1"]
[SourceVersionDate "2024.09.30"]
[SourceQuality "1"]

1. e4 e6 2. Qe2 c5 3. Nf3 Nc6 4. g3 d6 5. Bg2 g6 6. h4 h5 7. c3 Bg7 8. 0-0 Nge7 9. Rd1 Qc7 10. Na3 a6 11. d4 b5 12. d5 exd5 13. exd5 Ne5 14. Nxe5 Bxe5 15. Bg5 Bg4 16. f3 Bf5 17. Kh2 Ra7 18. Re1 Kf8 19. Rad1 Kg7 20. Qd2 Ng8 21. Nc2 Bxc2 22. Qxc2 b4 23. f4 Bf6 24. Re8 Qd7 25. Rde1 Nh6 26. Bxf6+ Kxf6 27. Rxh8 Ng4+ 28. Kg1 Qf5 29. Qxf5+ Kxf5 30. Bh3 bxc3 31. bxc3 Rb7 32. Rf8 f6 33. Rfe8 Rb2 34. R8e2 Rb7 35. Kg2 a5 36. Rd2 a4 37. Ree2 a3 38. Rc2 Rb1 39. Kf3 Ra1 40. Bxg4+ hxg4+ 41. Ke3 Rg1 42. Rg2 Re1+ 43. Kd3 Rb1 44. Kc4 Ke4 45. Rgf2 Re1 46. Rce2+ Rxe2 47. Rxe2+ Kf3 48. Re6 Kxg3 49. Rxf6 Kf2 50. Rxg6 g3 51. f5 g2 52. f6 g1Q 53. Rxg1 Kxg1 54. f7 Kh2 55. f8Q Kh3 56. Kb3 c4+ 57. Kxa3 Kxh4 58. Kb4 Kg4 59. Kxc4 Kg3 60. Kd4 Kg4 61. Ke4 Kg5 62. Qg7+ Kh4 63. Kf4 1-0

[Event "EU-ch 16th"]
[Site "Jerusalem"]
[Date "2015.03.02"]
[Round "6"]
[White "Ciobanu, Camelia Adriana"]
[Black "Travinski, Mark"]
[Result "1-0"]
[WhiteElo "2152"]
[BlackElo "1958"]
[PlyCount "61"]
[EventDate "2015.02.24"]
[EventType "swiss"]
[EventRounds "11"]
[EventCountry "ISR"]
[SourceTitle "CBM 166"]
[Source "ChessBase"]
[SourceDate "2015.05.11"]
[SourceVersion "1"]
[SourceVersionDate "2015.05.11"]
[SourceQuality "1"]

1. d4 Nf6 2. c4 g6 3. Nc3 d5 4. Nf3 Bg7 5. g3 0-0 6. Bg2 dxc4 7. 0-0 c5 8. d5 Nbd7 9. a4 Ne8 10. Bf4 a6 11. Qd2 Nd6 12. Bh6 Bh8 13. Bxf8 Qxf8 14. e4 b6 15. Rfe1 Ne5 16. Nxe5 Bxe5 17. f4 Qh6 18. Kh1 Bb7 19. Rad1 Bg7 20. g4 Bf8 21. e5 Ne8 22. Qf2 Rd8 23. f5 g5 24. a5 b5 25. Qxc5 Qh4 26. Qb6 Rd7 27. h3 Rc7 28. Qe3 e6 29. d6 Bxg2+ 30. Kxg2 Rd7 31. f6 1-0

[Event "EU-ch 16th"]
[Site "Jerusalem"]
[Date "2015.02.24"]
[Round "1"]
[White "Grandelius, Nils"]
[Black "Ciobanu, Camelia Adriana"]
[Result "1-0"]
[WhiteElo "2609"]
[BlackElo "2152"]
[PlyCount "53"]
[EventDate "2015.02.24"]
[EventType "swiss"]
[EventRounds "11"]
[EventCountry "ISR"]
[SourceTitle "CBM 166"]
[Source "ChessBase"]
[SourceDate "2015.05.11"]
[SourceVersion "1"]
[SourceVersionDate "2015.05.11"]
[SourceQuality "1"]

1. e4 e6 2. d4 d5 3. Nc3 Nf6 4. Bg5 Bb4 5. e5 h6 6. Be3 Ne4 7. Qg4 g6 8. a3 Ba5 9. Nge2 h5 10. Qh3 c5 11. dxc5 Nc6 12. b4 Nxc3 13. Nxc3 Bc7 14. f4 g5 15. Bb5 f6 16. 0-0 fxe5 17. fxg5 e4 18. g6 Be5 19. Nxe4 dxe4 20. Rad1 Qc7 21. Rf7 Bxh2+ 22. Qxh2 Qxh2+ 23. Kxh2 Rg8 24. Bxc6+ bxc6 25. Bg5 Ba6 26. Rdd7 Rxg6 27. Rde7+ 1-0

[Event "Braila Albulet Memorial (Women) 7th"]
[Site "Braila"]
[Date "2014.09.11"]
[Round "9"]
[White "Ciobanu, Camelia Adriana"]
[Black "Olsarova, Karolina"]
[Result "1/2-1/2"]
[WhiteElo "2153"]
[BlackElo "2224"]
[PlyCount "45"]
[EventDate "2014.09.04"]
[EventType "tourn"]
[EventRounds "9"]
[EventCountry "ROU"]
[SourceTitle "CBM 162 Extra"]
[Source "ChessBase"]
[SourceDate "2014.10.17"]
[SourceVersion "1"]
[SourceVersionDate "2014.10.17"]
[SourceQuality "1"]

1. e4 e5 2. Nf3 Nc6 3. Bc4 Bc5 4. c3 Nf6 5. 0-0 d6 6. b4 Bb6 7. d3 0-0 8. a4 a6 9. a5 Ba7 10. Be3 Ne7 11. Bxa7 Rxa7 12. Nbd2 Ng6 13. Bb3 Nh5 14. Nc4 Qf6 15. Ne3 c6 16. Kh1 Nhf4 17. Rg1 Be6 18. Bc2 d5 19. d4 dxe4 20. Bxe4 Raa8 21. Qc2 h5 22. Rge1 Kh8 23. Rad1 1/2-1/2

[Event "Iasi op"]
[Site "Iasi"]
[Date "2014.05.10"]
[Round "1"]
[White "Fotache, Tudor Felix"]
[Black "Ciobanu, Camelia Adriana"]
[Result "0-1"]
[WhiteElo "1669"]
[BlackElo "2179"]
[PlyCount "66"]
[EventDate "2014.05.10"]
[EventType "swiss"]
[EventRounds "9"]
[EventCountry "ROU"]
[SourceTitle "CBM 160 Extra"]
[Source "ChessBase"]
[SourceDate "2014.07.01"]
[SourceVersion "1"]
[SourceVersionDate "2014.07.01"]
[SourceQuality "1"]

1. d4 d5 2. Nf3 Nf6 3. e3 c6 4. Bd3 Bg4 5. c4 Nbd7 6. cxd5 cxd5 7. Bb5 e6 8. 0-0 Bd6 9. Nbd2 0-0 10. h3 Bxf3 11. Nxf3 Ne4 12. Qd3 f5 13. b3 Ndf6 14. Bb2 a6 15. Ba4 b5 16. Bxb5 axb5 17. Qxb5 Qa5 18. Qe2 Qa6 19. Qxa6 Rxa6 20. Ne5 Rfa8 21. a4 Nd2 22. Rfd1 Nxb3 23. Ra2 Rxa4 24. Rxa4 Rxa4 25. Rd3 Na5 26. Rc3 Nc4 27. Nxc4 dxc4 28. f3 Nd5 29. Rc1 Nxe3 30. Re1 f4 31. g3 g5 32. h4 Ra2 33. Bc1 Bb4 0-1

[Event "ROM-ch (Women)"]
[Site "Targu Mures"]
[Date "2014.04.28"]
[Round "3"]
[White "Ciobanu, Camelia Adriana"]
[Black "Salim, Arzu"]
[Result "1-0"]
[WhiteElo "2199"]
[BlackElo "1536"]
[PlyCount "73"]
[EventDate "2014.04.26"]
[EventType "swiss"]
[EventRounds "9"]
[EventCountry "ROU"]
[SourceTitle "CBM 160 Extra"]
[Source "ChessBase"]
[SourceDate "2014.07.01"]
[SourceVersion "1"]
[SourceVersionDate "2014.07.01"]
[SourceQuality "1"]

1. e4 c5 2. Nc3 Nc6 3. f4 g6 4. Nf3 Bg7 5. Bc4 e6 6. d3 Nge7 7. Bb3 d5 8. e5 0-0 9. 0-0 Nf5 10. Ne2 b5 11. g4 Nh6 12. g5 Nf5 13. c3 Qb6 14. Bc2 d4 15. Ng3 Nce7 16. cxd4 cxd4 17. Ne4 Nd5 18. Qe1 Bb7 19. Bb3 Nfe3 20. Bxe3 Nxe3 21. Nf6+ Bxf6 22. gxf6 Nxf1 23. Qh4 h5 24. Qg5 Kh7 25. Rxf1 Bxf3 26. Rxf3 Qc6 27. Rf1 a5 28. Bd1 Qc1 29. Bxh5 Qe3+ 30. Kg2 Qxd3 31. Bf3 Rh8 32. Bxa8 Kg8 33. Qg3 Qe2+ 34. Rf2 Qc4 35. Be4 Rh6 36. b3 Qc7 37. Rc2 1-0

[Event "Torre delle Stelle op 1st"]
[Site "Sinnai"]
[Date "2011.06.26"]
[Round "7"]
[White "De Rosa, Mariagrazia"]
[Black "Ciobanu, Camelia Adriana"]
[Result "1/2-1/2"]
[WhiteElo "2113"]
[BlackElo "2216"]
[PlyCount "30"]
[EventDate "2011.06.22"]
[EventType "swiss"]
[EventRounds "7"]
[EventCountry "ITA"]
[SourceTitle "EXT 2023"]
[Source "ChessBase"]
[SourceDate "2022.10.05"]
[SourceVersion "1"]
[SourceVersionDate "2022.10.05"]
[SourceQuality "1"]

1. e4 e6 2. Nf3 d5 3. Nc3 Nf6 4. e5 Nfd7 5. d4 h6 6. Bd3 a6 7. Ne2 c5 8. c3 Nc6 9. a3 cxd4 10. cxd4 Nb6 11. Nf4 Qc7 12. 0-0 Bd7 13. Bd2 Rc8 14. Rc1 Qb8 15. Nh5 Na7 1/2-1/2

[Event "Torre delle Stelle op 1st"]
[Site "Sinnai"]
[Date "2011.06.25"]
[Round "6"]
[White "Ciobanu, Camelia Adriana"]
[Black "Bruno, Fabio"]
[Result "1/2-1/2"]
[WhiteElo "2216"]
[BlackElo "2459"]
[PlyCount "100"]
[EventDate "2011.06.22"]
[EventType "swiss"]
[EventRounds "7"]
[EventCountry "ITA"]
[SourceTitle "EXT 2023"]
[Source "ChessBase"]
[SourceDate "2022.10.05"]
[SourceVersion "1"]
[SourceVersionDate "2022.10.05"]
[SourceQuality "1"]

1. d4 d5 2. c4 e6 3. Nc3 c6 4. cxd5 exd5 5. Nf3 Bf5 6. Bf4 Qb6 7. Qc1 Nd7 8. e3 Ngf6 9. h3 h6 10. Be2 Be7 11. 0-0 0-0 12. a3 a5 13. Na4 Qa7 14. Be5 Rfe8 15. Bxf6 Bxf6 16. b4 b5 17. Nc5 Nxc5 18. bxc5 Qd7 19. Kh2 Bd8 20. Ne5 Qc7 21. f4 Be4 22. Bh5 Rf8 23. Qe1 Bf6 24. Kg1 Bxe5 25. fxe5 Qe7 26. Bg4 f6 27. Qh4 Ra7 28. exf6 Rxf6 29. Rxf6 Qxf6 30. Qxf6 gxf6 31. Kf2 Kf7 32. Kg3 Ke7 33. Kf4 Rb7 34. Bf3 Bg6 35. Ra2 Rb8 36. Rb2 b4 37. axb4 axb4 38. Bd1 Bd3 39. Ba4 Kd7 40. Bc2 Bxc2 41. Rxc2 b3 42. Rb2 Ke6 43. Kg4 h5+ 44. Kf4 Rb7 45. h4 f5 46. Kg5 Rb8 47. g3 Rg8+ 48. Kf4 Rb8 49. Kg5 Rg8+ 50. Kf4 Rb8 1/2-1/2

[Event "Torre delle Stelle op 1st"]
[Site "Sinnai"]
[Date "2011.06.23"]
[Round "3"]
[White "Ciobanu, Camelia Adriana"]
[Black "Belvisi, Ivano"]
[Result "1-0"]
[WhiteElo "2216"]
[BlackElo "2003"]
[PlyCount "83"]
[EventDate "2011.06.22"]
[EventType "swiss"]
[EventRounds "7"]
[EventCountry "ITA"]
[SourceTitle "EXT 2023"]
[Source "ChessBase"]
[SourceDate "2022.10.05"]
[SourceVersion "1"]
[SourceVersionDate "2022.10.05"]
[SourceQuality "1"]

1. d4 Nf6 2. c4 e6 3. Nf3 c5 4. d5 exd5 5. cxd5 d6 6. Nc3 g6 7. g3 Bg7 8. Bg2 0-0 9. 0-0 Re8 10. h3 Na6 11. Nd2 Nc7 12. a4 b6 13. Nc4 Ba6 14. Qb3 Bxc4 15. Qxc4 Rb8 16. Nb5 Nxb5 17. axb5 Rb7 18. e4 Nd7 19. Qc2 Nf8 20. Bd2 Qd7 21. Qb3 f5 22. exf5 Qxf5 23. Bf4 Rd7 24. h4 Re2 25. Ra2 h6 26. Bf3 Ree7 27. Ra4 Qf6 28. Bg4 Rd8 29. Qa2 Qxb2 30. Qxb2 Bxb2 31. Bxh6 Bf6 32. Rd1 Kh7 33. Bf4 Kg7 34. Kg2 Nh7 35. Rd3 Bb2 36. Re3 Rc7 37. Re2 Bc3 38. Re6 Rcd7 39. Re3 Bd2 40. Rea3 Bxf4 41. Bxd7 Bc1 42. Ra1 1-0

[Event "Porto Mannu op"]
[Site "Porto Mannu"]
[Date "2008.05.17"]
[Round "1"]
[White "Kekki, Petri"]
[Black "Ciobanu, Camelia Adriana"]
[Result "0-1"]
[WhiteElo "2411"]
[BlackElo "2205"]
[PlyCount "68"]
[EventDate "2008.05.17"]
[EventType "swiss"]
[EventRounds "9"]
[EventCountry "ITA"]
[SourceTitle "CBM 124 Extra"]
[Source "ChessBase"]
[SourceDate "2008.07.03"]
[SourceVersion "1"]
[SourceVersionDate "2008.07.03"]
[SourceQuality "1"]

1. d4 e6 2. Nf3 Nf6 3. e3 b6 4. Bd3 Bb7 5. 0-0 Be7 6. c4 Be4 7. Nc3 Bxd3 8. Qxd3 d5 9. e4 dxe4 10. Nxe4 c6 11. Bf4 0-0 12. Ne5 Qc8 13. Rfe1 Nbd7 14. Ng3 Nxe5 15. dxe5 Nd7 16. Rad1 Nc5 17. Qf3 a5 18. Qg4 Kh8 19. Nh5 Rg8 20. Rd4 Qe8 21. Red1 f5 22. Qe2 Qf7 23. Be3 a4 24. R4d2 Ne4 25. Rd7 a3 26. Ng3 axb2 27. Nxe4 Rxa2 28. Nd6 Qg6 29. Rxe7 Rga8 30. Qd3 Ra1 31. Nf7+ Kg8 32. Ng5 f4 33. Rxg7+ Kxg7 34. Qd7+ Kg8 0-1

[Event "ROM-chT div-A (Women)"]
[Site "Predeal"]
[Date "2006.11.12"]
[Round "9"]
[White "Foisor, Sabina Francesca"]
[Black "Ciobanu, Camelia Adriana"]
[Result "1/2-1/2"]
[WhiteElo "2326"]
[BlackElo "2187"]
[PlyCount "109"]
[EventDate "2006.11.04"]
[EventType "team-tourn"]
[EventRounds "9"]
[EventCountry "ROU"]
[SourceTitle "EXT 2007"]
[Source "ChessBase"]
[SourceDate "2006.11.23"]
[SourceVersion "1"]
[SourceVersionDate "2006.11.23"]
[SourceQuality "1"]

1. d4 d5 2. c4 e6 3. Nc3 Nf6 4. cxd5 exd5 5. Bg5 Be7 6. Qc2 0-0 7. e3 c6 8. Bd3 Nbd7 9. Nge2 Re8 10. f3 Nf8 11. Bh4 Ng6 12. Bf2 Be6 13. 0-0 Rc8 14. Rad1 Bd6 15. Kh1 Rc7 16. a3 Bc8 17. Bg1 Rce7 18. e4 dxe4 19. fxe4 Bb8 20. e5 Nd5 21. Nxd5 Qxd5 22. Bc4 Qa5 23. Nf4 Nxf4 24. Rxf4 Be6 25. Bd3 h6 26. Rh4 Rd7 27. Qe2 Qd5 28. b4 Bc7 29. Rf4 Bd8 30. Rff1 Qa2 31. Qe4 g6 32. Ra1 Qd5 33. Qe3 Kg7 34. Qg3 Qb3 35. Rf3 Bd5 36. Bxg6 Qxf3 37. gxf3 fxg6 38. Be3 Rf7 39. Rf1 Ref8 40. Kg1 Rxf3 41. Rxf3 Rxf3 42. Qg4 Rf5 43. Qg3 h5 44. e6 Be7 45. h4 Bxe6 46. Qc7 Kf8 47. Bh6+ Ke8 48. Qb8+ Kd7 49. Bf4 Bd5 50. Qxb7+ Ke6 51. Qc8+ Kf7 52. Qc7 Ke6 53. Qc8+ Kf7 54. Bg3 Rf3 55. Kh2 1/2-1/2

[Event "ROM-chT div-A (Women)"]
[Site "Predeal"]
[Date "2006.11.10"]
[Round "7"]
[White "Sandu, Mihaela"]
[Black "Ciobanu, Camelia Adriana"]
[Result "0-1"]
[WhiteElo "2246"]
[BlackElo "2187"]
[PlyCount "60"]
[EventDate "2006.11.04"]
[EventType "team-tourn"]
[EventRounds "9"]
[EventCountry "ROU"]
[SourceTitle "EXT 2007"]
[Source "ChessBase"]
[SourceDate "2006.11.23"]
[SourceVersion "1"]
[SourceVersionDate "2006.11.23"]
[SourceQuality "1"]

1. e4 e6 2. d4 d5 3. Nc3 Bb4 4. e5 c5 5. Bd2 Ne7 6. dxc5 Bxc5 7. Qg4 0-0 8. Bd3 Nbc6 9. f4 f5 10. exf6 Rxf6 11. Qh5 g6 12. Qe2 Nd4 13. Qe5 Nec6 14. Qg5 Qf8 15. 0-0-0 Nb4 16. Nge2 Nxd3+ 17. cxd3 Nxe2+ 18. Nxe2 Bd7 19. Bc3 Be3+ 20. Kb1 Rf5 21. Qg3 Bxf4 22. Nxf4 Rxf4 23. Qe3 h6 24. Qe5 Kh7 25. g4 Qf7 26. Rhg1 Bb5 27. Rg3 Rg8 28. Qg5 Rf1 29. Rh3 Bxd3+ 30. Kc1 Rxd1+ 0-1

[Event "ROM-chT div-A (Women)"]
[Site "Predeal"]
[Date "2006.11.08"]
[Round "5"]
[White "Duca, Delia"]
[Black "Ciobanu, Camelia Adriana"]
[Result "0-1"]
[WhiteElo "2027"]
[BlackElo "2187"]
[PlyCount "76"]
[EventDate "2006.11.04"]
[EventType "team-tourn"]
[EventRounds "9"]
[EventCountry "ROU"]
[SourceTitle "EXT 2007"]
[Source "ChessBase"]
[SourceDate "2006.11.23"]
[SourceVersion "1"]
[SourceVersionDate "2006.11.23"]
[SourceQuality "1"]

1. d4 Nf6 2. c4 c5 3. d5 b5 4. f3 bxc4 5. e4 d6 6. Bxc4 g6 7. Nc3 Nbd7 8. Qa4 Bg7 9. Bb5 a6 10. Bc6 Rb8 11. Nge2 0-0 12. b3 Ne5 13. 0-0 Rb4 14. Qa3 Nxc6 15. dxc6 Qb6 16. Bg5 e6 17. Rac1 Qxc6 18. Bxf6 Bxf6 19. Nd5 exd5 20. Qxb4 dxe4 21. Qxe4 Qb6 22. Ng3 Bb7 23. Qc2 d5 24. Kh1 Rc8 25. Rfe1 h5 26. Qd3 Qa5 27. b4 Qxb4 28. Qb3 a5 29. f4 c4 30. Qd1 c3 31. f5 Bg5 32. Rc2 h4 33. Ne2 Bd2 34. Rf1 h3 35. Rf2 d4 36. Rxd2 cxd2 37. fxg6 fxg6 38. Rf6 d3 0-1

[Event "ROM-ch (Women)"]
[Site "Baile Tusnad"]
[Date "2005.12.03"]
[Round "2"]
[White "Padurariu, Ioana Smaranda"]
[Black "Ciobanu, Camelia Adriana"]
[Result "1-0"]
[WhiteElo "2204"]
[BlackElo "2262"]
[PlyCount "179"]
[EventDate "2005.11.26"]
[EventType "tourn"]
[EventRounds "10"]
[EventCountry "ROU"]
[EventCategory "7"]
[SourceTitle "CBM 109 Extra"]
[Source "ChessBase"]
[SourceDate "2006.01.03"]
[SourceVersion "2"]
[SourceVersionDate "2006.01.03"]
[SourceQuality "1"]

1. e4 e6 2. d4 d5 3. e5 c5 4. c3 Nc6 5. Nf3 Bd7 6. dxc5 Bxc5 7. b4 Bb6 8. Bd3 Qc7 9. Bf4 Nge7 10. Bg3 h6 11. 0-0 Rc8 12. a3 Qb8 13. Qe2 Bc7 14. Nbd2 Nf5 15. Bxf5 exf5 16. b5 Na5 17. Nd4 0-0 18. f4 Bb6 19. Qd3 Qc7 20. Rfc1 Nc4 21. N2b3 Bxb5 22. Qxf5 Ne3 23. Qh5 Bd7 24. Qf3 Nf5 25. Bf2 Ne7 26. Ra2 a5 27. Re2 a4 28. Nd2 Bc5 29. Nb1 Nf5 30. Qxd5 Rfd8 31. Rd2 Qb6 32. Rcd1 Ne7 33. Qf3 Qg6 34. f5 Qb6 35. e6 Be8 36. f6 Ng6 37. fxg7 Bxd4 38. cxd4 fxe6 39. d5 Qa5 40. d6 Bc6 41. Qg3 Qf5 42. Bb6 Rd7 43. Rf1 Qh5 44. Nc3 Rxg7 45. Qe3 e5 46. Ne4 Bxe4 47. Qxe4 Nf8 48. Qd5+ Kh8 49. Rxf8+ Rxf8 50. d7 Qf5 51. Rd1 Qc2 52. d8Q Rxd8 53. Qxd8+ Kh7 54. Qd3+ Qxd3 55. Rxd3 Kg6 56. Kf2 Kf5 57. Rd8 Ke4 58. Rc8 Rg6 59. Be3 Kd3 60. Rd8+ Kc4 61. Rd7 b5 62. Kf3 e4+ 63. Kf2 Kb3 64. Bc5 e3+ 65. Kxe3 Rxg2 66. Rd2 Rg5 67. Bb4 Rh5 68. Kd4 Rh4+ 69. Kc5 Rh5+ 70. Kb6 Kc4 71. Kc6 Kb3 72. Rd3+ Kc2 73. Rd2+ Kb3 74. Bd6 Rh3 75. Kxb5 h5 76. Rg2 h4 77. Bc5 Rd3 78. Re2 h3 79. Re1 Rd2 80. Re3+ Ka2 81. Rxh3 Rc2 82. Bb4 Rf2 83. Kxa4 Rf5 84. Rg3 Rh5 85. Rg2+ Kb1 86. Kb3 Rh3+ 87. Bc3 Rxc3+ 88. Kxc3 Ka1 89. Kb3 Kb1 90. Rg1# 1-0

[Event "ROM-ch (Women)"]
[Site "Baile Tusnad"]
[Date "2005.11.28"]
[Round "1"]
[White "Ciobanu, Camelia Adriana"]
[Black "Padurariu, Ioana Smaranda"]
[Result "1/2-1/2"]
[WhiteElo "2262"]
[BlackElo "2204"]
[PlyCount "148"]
[EventDate "2005.11.26"]
[EventType "tourn"]
[EventRounds "10"]
[EventCountry "ROU"]
[EventCategory "7"]
[SourceTitle "CBM 109 Extra"]
[Source "ChessBase"]
[SourceDate "2006.01.03"]
[SourceVersion "2"]
[SourceVersionDate "2006.01.03"]
[SourceQuality "1"]

1. d4 e6 2. c4 Nf6 3. Nf3 Bb4+ 4. Bd2 c5 5. Bxb4 cxb4 6. Nbd2 Nc6 7. e3 d6 8. Be2 a5 9. 0-0 0-0 10. a3 Bd7 11. Ne1 Qc7 12. Nd3 bxa3 13. bxa3 e5 14. d5 Nb8 15. Rb1 Na6 16. Qb3 e4 17. Nc1 Nc5 18. Qb6 Qb8 19. Na2 Bf5 20. Qb2 Nfd7 21. Qd4 Qd8 22. Nc3 Qe7 23. Rb5 Bg6 24. Rfb1 f5 25. g3 Qg5 26. h4 Qh6 27. Rxb7 Nxb7 28. Rxb7 Be8 29. Nb5 Nc5 30. Nxd6 Nxb7 31. Nxb7 Rb8 32. Qa7 Bh5 33. Bf1 Qf6 34. Nc5 Qc3 35. Ne6 Bf7 36. Qd4 Qxd4 37. Nxd4 Rb2 38. N2b3 a4 39. Nc5 g6 40. Nxa4 Rb1 41. Nc3 Rc1 42. Ndb5 Rc8 43. Kg2 Rxf1 44. Kxf1 Rxc4 45. Ke1 Rc5 46. d6 Kf8 47. Kd2 Ke8 48. Nd4 Kd7 49. Kc2 Kxd6 50. Kb2 Bc4 51. Nc2 Rc8 52. Nb4 Rb8 53. Nb1 Kc5 54. Nd2 Rd8 55. Kc3 Be6 56. Kc2 Kb5 57. Nb1 Bc4 58. Nc3+ Kc5 59. Na4+ Kb5 60. Nc3+ Kb6 61. Na4+ Kc7 62. Nc3 Ra8 63. Kb2 Kd6 64. Nb1 Kc5 65. Nd2 Rd8 66. Kc3 Be6 67. Kc2 Kb5 68. Nb1 Ka4 69. Nc6 Rc8 70. Nc3+ Kxa3 71. Nb5+ Ka2 72. Nc3+ Ka3 73. Nb5+ Ka4 74. Nc3+ Ka3 1/2-1/2

[Event "ROM-ch (Women)"]
[Site "Baile Tusnad"]
[Date "2005.11.27"]
[Round "1"]
[White "Paulet, Iozefina"]
[Black "Ciobanu, Camelia Adriana"]
[Result "1-0"]
[WhiteElo "2149"]
[BlackElo "2262"]
[PlyCount "113"]
[EventDate "2005.11.26"]
[EventType "tourn"]
[EventRounds "10"]
[EventCountry "ROU"]
[EventCategory "7"]
[SourceTitle "CBM 109 Extra"]
[Source "ChessBase"]
[SourceDate "2006.01.03"]
[SourceVersion "2"]
[SourceVersionDate "2006.01.03"]
[SourceQuality "1"]

1. e4 d6 2. d4 Nf6 3. Nc3 g6 4. Be3 c6 5. Qd2 Ng4 6. Bg5 h6 7. Bf4 e5 8. dxe5 dxe5 9. Qxd8+ Kxd8 10. Bg3 Bd6 11. Nf3 Nd7 12. h3 Ngf6 13. a4 Nh5 14. Bh2 Ke7 15. Nd2 f6 16. Ne2 a5 17. Nc4 Bc7 18. f3 Nb6 19. Ne3 Be6 20. Nc1 Nf4 21. Nd3 Nd7 22. Bg1 Bb6 23. Bf2 Rhd8 24. h4 h5 25. g3 Nxd3+ 26. Bxd3 Bd4 27. c3 Ba7 28. Ke2 Bb3 29. Ra3 Bf7 30. Bc2 Nc5 31. Rd1 b6 32. Raa1 Nb3 33. Rxd8 Rxd8 34. Bxb3 Bxb3 35. c4 Rd4 36. Rc1 Ke6 37. Rc3 Ba2 38. b3 Rd7 39. Nf1 b5 40. Bxa7 Rxa7 41. cxb5 cxb5 42. axb5 Rb7 43. Nd2 Rxb5 44. Kd3 Rb4 45. Rc6+ Ke7 46. Kc3 Rd4 47. Ra6 a4 48. Rxa4 Rxa4 49. bxa4 Kd6 50. Nb3 f5 51. Kb2 Bxb3 52. Kxb3 f4 53. gxf4 exf4 54. a5 Kc5 55. e5 g5 56. a6 g4 57. a7 1-0

[Event "ROM-ch (Women)"]
[Site "Baile Tusnad"]
[Date "2005.11.26"]
[Round "1"]
[White "Ciobanu, Camelia Adriana"]
[Black "Olarasu, Gabriela"]
[Result "1/2-1/2"]
[WhiteElo "2262"]
[BlackElo "2323"]
[PlyCount "69"]
[EventDate "2005.11.26"]
[EventType "tourn"]
[EventRounds "10"]
[EventCountry "ROU"]
[EventCategory "7"]
[SourceTitle "CBM 109 Extra"]
[Source "ChessBase"]
[SourceDate "2006.01.03"]
[SourceVersion "2"]
[SourceVersionDate "2006.01.03"]
[SourceQuality "1"]

1. b3 d5 2. e3 Nf6 3. Bb2 Bg4 4. f3 Bh5 5. g4 Bg6 6. h4 h6 7. Ne2 e6 8. Nbc3 e5 9. d4 exd4 10. exd4 c6 11. Qd2 Bd6 12. 0-0-0 Qc7 13. Kb1 Na6 14. Bh3 0-0-0 15. h5 Bh7 16. g5+ Nd7 17. gxh6 gxh6 18. a3 Kb8 19. Bc1 Nf6 20. Rdg1 Nxh5 21. Bg4 Nf6 22. Rxh6 Nxg4 23. fxg4 Bg6 24. g5 Rhe8 25. Nf4 Bxf4 26. Qxf4 Qxf4 27. Bxf4+ Kc8 28. Be5 Nb8 29. Ne2 Nd7 30. Nf4 Nxe5 31. dxe5 Rxe5 32. Nxg6 fxg6 33. Rxg6 Rde8 34. Kb2 Kd7 35. Rh6 1/2-1/2

[Event "Wch U20 Girls"]
[Site "Istanbul"]
[Date "2005.11.19"]
[Round "10"]
[White "Umudova, Nargiz"]
[Black "Ciobanu, Camelia Adriana"]
[Result "1-0"]
[WhiteElo "2101"]
[BlackElo "2262"]
[PlyCount "83"]
[EventDate "2005.11.09"]
[EventType "swiss"]
[EventRounds "13"]
[EventCountry "TUR"]
[SourceTitle "CBM 109 Extra"]
[Source "ChessBase"]
[SourceDate "2006.01.03"]
[SourceVersion "2"]
[SourceVersionDate "2006.01.03"]
[SourceQuality "1"]

1. Nf3 d5 2. g3 Bg4 3. Bg2 Nd7 4. 0-0 c6 5. d3 Ngf6 6. Nbd2 e5 7. h3 Bh5 8. Qe1 Bc5 9. e4 dxe4 10. dxe4 0-0 11. b3 Qc7 12. Bb2 Rfe8 13. Nh4 Nf8 14. Nf5 Rad8 15. a3 b5 16. g4 Bg6 17. Nf3 Bxf5 18. gxf5 Nh5 19. a4 a6 20. axb5 axb5 21. Ra6 f6 22. Kh2 Nd7 23. Bc1 Ra8 24. Rxa8 Rxa8 25. Be3 Nf4 26. Qd2 Bf8 27. Ne1 Nc5 28. Bf3 Rd8 29. Qc3 Rd4 30. Bxf4 Nxe4 31. Bxe4 Rxe4 32. Be3 Qc8 33. Qd3 Rh4 34. f3 g6 35. Ng2 Rh5 36. Rd1 Rxf5 37. Qd8 Qxd8 38. Rxd8 Kf7 39. Kg3 Be7 40. Rc8 c5 41. Nh4 Rh5 42. Bxc5 1-0

[Event "Wch U20 Girls"]
[Site "Istanbul"]
[Date "2005.11.12"]
[Round "4"]
[White "Dzagnidze, Nana"]
[Black "Ciobanu, Camelia Adriana"]
[Result "1-0"]
[WhiteElo "2443"]
[BlackElo "2262"]
[PlyCount "55"]
[EventDate "2005.11.09"]
[EventType "swiss"]
[EventRounds "13"]
[EventCountry "TUR"]
[SourceTitle "CBM 109 Extra"]
[Source "ChessBase"]
[SourceDate "2006.01.03"]
[SourceVersion "2"]
[SourceVersionDate "2006.01.03"]
[SourceQuality "1"]

1. d4 Nf6 2. c4 c5 3. d5 b5 4. cxb5 a6 5. f3 e6 6. e4 exd5 7. exd5 Bd6 8. Nc3 0-0 9. Bc4 Re8+ 10. Nge2 Qc7 11. g3 Bxg3+ 12. hxg3 Qxg3+ 13. Kd2 Qxf3 14. Rf1 Qg2 15. Rg1 Qh3 16. Kc2 axb5 17. Bxb5 Na6 18. a3 Nb4+ 19. axb4 Rxa1 20. bxc5 Re5 21. Qd4 d6 22. cxd6 Bf5+ 23. Bd3 Nxd5 24. Rxg7+ Kf8 25. Rg3 Rxc1+ 26. Kxc1 Qf1+ 27. Kd2 Nxc3 28. Qxe5 1-0

[Event "Wch U20 Girls"]
[Site "Istanbul"]
[Date "2005.11.09"]
[Round "1"]
[White "Ciobanu, Camelia Adriana"]
[Black "Ozturk Orenli, Kubra"]
[Result "1-0"]
[WhiteElo "2262"]
[BlackElo "1980"]
[PlyCount "52"]
[EventDate "2005.11.09"]
[EventType "swiss"]
[EventRounds "13"]
[EventCountry "TUR"]
[SourceTitle "CBM 109 Extra"]
[Source "ChessBase"]
[SourceDate "2006.01.03"]
[SourceVersion "2"]
[SourceVersionDate "2006.01.03"]
[SourceQuality "1"]

1. e4 c6 2. d4 d5 3. e5 Bf5 4. Nf3 e6 5. a3 Nd7 6. b4 a5 7. b5 c5 8. c3 a4 9. dxc5 Bxc5 10. Be3 Bxe3 11. fxe3 Ne7 12. Qd4 Qc7 13. Nbd2 Bg6 14. Kf2 Nf5 15. Qb4 Qc5 16. Qxc5 Nxc5 17. c4 Ne7 18. cxd5 Nxd5 19. Rc1 b6 20. Bc4 0-0 21. Ke2 Rfd8 22. Nd4 Ne7 23. Rcd1 Nd5 24. Bxd5 Rxd5 25. Nc6 Rd6 26. Nb4 Ne4 1-0

[Event "Agneaux St Lo U18 op"]
[Site "Agneaux"]
[Date "2004.07.13"]
[Round "6"]
[White "Cochet, Caroline"]
[Black "Ciobanu, Camelia Adriana"]
[Result "1/2-1/2"]
[WhiteElo "2071"]
[BlackElo "2254"]
[PlyCount "38"]
[EventDate "2004.07.08"]
[EventType "swiss"]
[EventRounds "9"]
[EventCountry "FRA"]
[SourceTitle "EXT 2005"]
[Source "ChessBase"]
[SourceDate "2004.11.15"]
[SourceVersion "1"]
[SourceVersionDate "2004.11.15"]
[SourceQuality "1"]

1. e4 e6 2. d3 d5 3. Nd2 Nf6 4. g3 dxe4 5. dxe4 Bc5 6. Bg2 Nc6 7. Ngf3 e5 8. 0-0 0-0 9. c3 a5 10. Qc2 Qe7 11. Nc4 b6 12. Ne3 Bb7 13. Nf5 Qe8 14. Bg5 Ne7 15. Bxf6 gxf6 16. N3h4 Ng6 17. Nh6+ Kh8 18. N4f5 Qe6 19. Rfd1 a4 1/2-1/2